000
00321nam a2200133Ia 4500
005
20260328101520.0
008
260328s9999||||xx |||||||||||||| ||und||
100
_a
Francastel, Pierre
245
0
_a
Peinture et societé /
_c
Pierre Francastel
260
_b
Gallimard
300
_a
246 p.
650
_a
HISTORIA
942
_c
BK
999
_c
9539
_d
9539